000 00365 a2200169 4500
001 183472
020 _a85-262-4406-X
040 _cMagnum
100 _aCarrascoza, João Anzanello
240 1 0 _aA ilha do tesouro
_lpor
245 1 0 _aA ilha do tesouro
300 _a48
362 0 _a2004
440 1 _aScipione
697 _aLITERATURA INFANTO
942 _cBK
999 _c183472
_d183472